000 00501nam a22001817a 4500
003 CEME
005 20210628203240.0
008 210125b xxu||||| |||| 00| 0 eng d
020 _a9788131713839
040 _c.
082 _a621.3848 EDD
100 _aEdde, Byron
_964275
245 _aRadar, principles,technology, applications
260 _aINDIA
_bPEARSON EDUCATION ASIA
_c2009
300 _a730P
650 _aRADAR PRINCIPLES.RADAR TECHNOLOGY .RADAR APPLICATIONS
_964276
942 _cBK
_2ddc
999 _c572823
_d572823